[Event "ESP-ch U14 rapid"]
[Site "Salobrena"]
[Date "2024.07.20"]
[Round "1"]
[White "Cirer Garcia, Antoni"]
[Black "Alonso Vargas, David"]
[Result "0-1"]
[WhiteElo "1645"]
[BlackElo "1955"]
[PlyCount "66"]
[EventDate "2024.07.20"]
[EventType "swiss (rapid)"]
[EventRounds "9"]
[EventCountry "ESP"]
[SourceTitle "CBM 221 Extra"]
[Source "ChessBase"]
[SourceDate "2024.09.30"]
[SourceVersion "1"]
[SourceVersionDate "2024.09.30"]
[SourceQuality "1"]

1. d4 e6 2. e3 d5 3. Bd3 Nf6 4. Nf3 c5 5. c3 Nc6 6. 0-0 Bd6 7. Nbd2 e5 8. dxe5 Nxe5 9. Nxe5 Bxe5 10. f4 Bc7 11. e4 0-0 12. e5 Ng4 13. Nf3 Nh6 14. Ng5 g6 15. Qe1 f6 16. exf6 Qxf6 17. Qh4 Kg7 18. Bd2 Bf5 19. Bxf5 Qxf5 20. Rae1 Rae8 21. Be3 Bb6 22. Kh1 d4 23. cxd4 cxd4 24. Bd2 Bd8 25. Qg3 Bxg5 26. Qxg5 Qxg5 27. fxg5 Rxf1+ 28. Rxf1 Nf5 29. g4 Nd6 30. h4 Ne4 31. Be1 d3 32. Bc3+ Nxc3 33. bxc3 d2 0-1